| 000 | 00762nam a2200229 a 4500 | ||
|---|---|---|---|
| 001 | 50612 | ||
| 003 | BD-RjUL | ||
| 005 | 20211209075534.0 | ||
| 008 | 160828s1967 bg ||||| |||| 00| 0 ben d | ||
| 020 | _c: Tk. 3.50 | ||
| 035 | _a(BD-RjUL) 50732 | ||
| 040 |
_aBD-RjUL _bben _cBD-RjUL |
||
| 041 | _aben | ||
| 082 |
_223 _a891.443 _bHUR 1967 |
||
| 100 | 1 |
_aহক, আবদুল _9151546 |
|
| 245 | 1 | 0 |
_aরোকেয়ার নিজের বাড়ী / _cআবদুল হক |
| 260 |
_aঢাকা : _bনওরোজ কিতাবিস্তান, _c১৯৬৭ |
||
| 300 |
_a১৫১ পৃ. ; _c২১ সেমি. |
||
| 650 |
_aবাংলা উপন্যাস _9151547 |
||
| 650 |
_aBengali Fiction _9151548 |
||
| 942 |
_2ddc _cBK |
||
| 999 |
_c50612 _d50612 |
||